000 00496 a2200133 4500
001 ART_10746
005 20260410161854.0
008 260409a
245 1 0 _aAmpliando el campo del derecho filial en el derecho argentino. Texto y contexto de las técnicas de reproducción humana asistida
100 1 _aKemelmajer de Carlucci, Aída
700 1 _aHerrera, Marisa
700 1 _aLamm, Eleonora
773 0 _tDerecho privado
_gBioderecho - Año I, Nº 1 (mayo 2012)
_wREV10455
999 _c25287
_d25287